000 00800nam a22002411 4500
001 20248
003 CZ PrNK
005 20260120110529.0
008 011211s1977 xo slo
040 _aABA001
_bcze
_cABA001
_dABA001
041 1 _aslo
_hcze
100 1 _aHavlů, Jaroslav
_4aut
245 1 0 _aRuža královná kvetín /
_cAutori: Jaroslav Havlů, Bohumil Jaša, Josef Klimeš ; Z č. orig. prel. Eva Braunová ; Il. Ada Jakabová
260 _aBratislava :
_bPríroda,
_c1977
300 _a284 s. ;
_cpříč. 8°
490 1 _aRastlinná výroba. Milovníci prírody
500 _aBarev. fot. příl.
700 1 _aKlimeš, Josef
_4aut
700 1 _aJaša, Bohumil,
_d1925-
_4aut
830 0 _aRastlinná výroba.
_pMilovníci prírody
910 _aABA001
942 _2ddc
_cOLDO
_n0
999 _c20248
_d20248